Largest City by Time Zone - Statistics

General Stats
  • This quiz has been taken 23 times
  • The average score is 23 of 31
Answer Stats
Time Zone City % Correct
+05:30 Delhi
100%
00:00 London
100%
-06:00 Mexico City
100%
+03:00 Moscow
100%
+09:00 Tokyo
100%
+02:00 Cairo
95%
-08:00 Los Angeles
95%
-05:00 New York
95%
-03:00 Sao Paulo
95%
+10:00 Sydney
95%
+08:00 Guangzhou
91%
+03:30 Tehran
91%
+12:00 Auckland
86%
+07:00 Jakarta
86%
+01:00 Lagos
86%
+05:00 Karachi
82%
-09:00 Anchorage
73%
-10:00 Honolulu
73%
-07:00 Phoenix
73%
+06:00 Dhaka
64%
+04:00 Dubai
59%
-04:00 Caracas
55%
+04:30 Kabul
55%
+05:45 Kathmandu
55%
-02:00 Nuuk
55%
+09:30 Adelaide
50%
+06:30 Yangon
50%
+13:00 Nuku'alofa
41%
-03:30 Saint John's
36%
-01:00 Praia
27%
+11:00 Yuzhno-Sakhalinsk
9%
No matching quizzes found
Score Distribution
Percent of People with Each Score
Percentile by Number Answered
Your Score History
You have not taken this quiz